00540nam a2200181Ia 4500003000900000008004100009020001800050040001600068080001900084100002100103245005700124260004200181300001300223490004100236650004100277650001600318700002400334IN-BaIIA211028s9999 xx 000 0 eng d a0-13-050088-7 cIIA Library a523.4-852bGOO aGoody, Richard M 0aAtmospherescRichard M. Goody and C. G. James Walker aEnglewood CliffsbPrentice-Hallc1972 ax, 150p. aFoundations of earth sciences series aAstronomy and astrophysics thesaurus aAtmospheres aWalker, James C. G.